mots anglais - Statistiques

Statistiques générales
  • Ce quiz a été pris 19 fois
  • Le résultat moyen est 16 sur 202
Statistiques - réponses
Hint Réponse % Correct
les actualités the news
77%
une chaine a channel
31%
les petites annoncesun exemplaire a copy
31%
un reporter a reporter
31%
un ecran a screen
31%
quotidien daily
31%
imprimer to print
31%
un reportage, un documentaire a documentary
23%
une revue a journal
23%
un rédacteur en chef an editor
23%
un reseau a network
23%
mensuel monthly
23%
publier to publish
23%
télévison tv
23%
hebdomadaire weekly
23%
un supplément couleur a colour supplement
15%
une colonne a column
15%
une cassette video un DVD a DVD
15%
journal du soir a evening paper
15%
journal du matin a morning paper
15%
un programme du matin a morning program
15%
un programme du soir an evening program
15%
un programme a program
15%
une rumeur a rumour
15%
un scandale a scandal
15%
un feuilleton a serial
15%
une serie a series
15%
un spectacle a show
15%
un abonné a subscriber
15%
un abonnement a subscription
15%
journal du dimanche a sunday paper
15%
une bande annonce a trailer
15%
un mordu de la télé a tv addict
15%
un journaliste de la tele a TV journalist
15%
un zappeur a zapper
15%
en direct de live
15%
objectif objective
15%
la propagande propaganda
15%
la tele par satellite satellite tv
15%
un quotidien populaire, tabloïd tabloid
15%
la presse économique the economic press
15%
la telecommande the zapper
15%
censurer to censor
15%
informer, mettre au courant to inform
15%
manipuler to manipulate
15%
presenter les info to present the news
15%
allumer/ eteindre la tele to turn the TV on / off
15%
surveiller to watch
15%
regarder la tele to watch tv
15%
zapper to zap
15%
une interdiction a ban
8%
tele en noire et blanc a black and white tv
8%
un dessin animé a cartoon
8%
exact accurate
8%
un entretien télévissé a chat show
8%
tele en couleur a colour tv
8%
qui crée une dépendance addictive
8%
une antenne parabolique a dish aerial
8%
un indépendant a freelance
8%
un magazine de luxe a glossy magazine
8%
le temps d'antenne air time
8%
un editorial a leader
8%
une antenne an aerial
8%
une part d'audience an audience share
8%
un bulletin d'information a news bulletin
8%
un flash d'information a news flash
8%
un directeur de publication a newspaper editor
8%
un communique de presse a news release
8%
un magnat de la presse a press tycoon
8%
un journal de qualité a quality paper
8%
un présenteur radio a radio announcer
8%
une rubrique a section
8%
une saisie a seizure
8%
un magazine spécialise a specialist magazine
8%
un poste de tele a television set
8%
une chaine payante a toll channel
8%
un décodeur a tv decodeur
8%
un telespectateur a viewer
8%
une onde a wave
8%
un magazine féminin a woman's magazine
8%
un chroniquer columnist
8%
la couverture mediatique coverage
8%
éducatif educational
8%
la modulation de fréquence frequency modulation
8%
la diffamtion ecrite libel
8%
les grandes ondes long wave
8%
couverture médiatique media coverage
8%
les ondes moyennes medium wave
8%
la collecte des informations news gathering
8%
la liberte de la pressse press freedom
8%
trimestriel quarterly
8%
fiable reliable
8%
les ondes courtes short wave
8%
la liberte d'expression speech
8%
parrainé, sponso sponsored
8%
les parasites static interference
8%
le courrier du coeur the agony column
8%
les auditeurs the audience
8%
la diffusion , le tirage the circulation
8%
la courverture the cover
8%
la premiere page , la une the front page
8%
la rubrique mondaine the gossip column
8%
la presse à scandale the gutter press
8%
les ( gros ) titres the headlines
8%
la presse automobile the motoring press
8%
le droit à l'info the right to know
8%
le droit à la privée the right to privacy
8%
interdire to ban to supress
8%
quitter l'antenne to be off the air
8%
etre à l'antenne to be on the air
8%
etre à l'écran to be on the screen
8%
etre publié , sortir to come out
8%
assurer la couverture de | assurer la couverture mediatique to cover
8%
copier to duplicate
8%
être le rédacteur to edit
8%
divertir to entertain
8%
faire la une des journaux to hit the headlines
8%
enqueter to investigate
8%
publier, faire parraitrre to issue
8%
capter to pick up
8%
enregistrer to record
8%
faire un reportage to report
8%
espionner qlq to spy
8%
poursuivre pourchasser to stalk
8%
s'abonner to subscribe
8%
régler son poste sur une station to tune in to a station
8%
le voyeurisme voyeurism
8%
une faute éthique a breach of ethics
0%
une personnalité ( radio ou tv ) a broadcaster
0%
un micro secret a bug
0%
un animateur a compere
0%
un correspondant a corespondent
0%
une autoradio a cr radio
0%
un long metrage a feature film
0%
un dénicheur de scandale a muckcracker
0%
un presentateur vedette an achorman
0%
un presentateur an anouncer
0%
un article an arcticle
0%
un sujet vedette a newsmaker
0%
un presentetur de journal a newsreader
0%
un éditeur a publishor
0%
un presentateur de jeu télévisé a quiz master
0%
un jeu télévise a quiz show
0%
une radio a radio set or a transistor
0%
une rediffusion a repeat
0%
une retransmission sportive a sport broadcast
0%
un journaliste sportif a sportscaster
0%
un message publicitaire a spot
0%
un téléfilm a television film
0%
une émission de variété a variety show
0%
un magnétoscope a video cassette recordeur
0%
partisan biased
0%
le cable cable televsion
0%
la tele en circuit fermé closed circuit television
0%
une page de publicité commercial break
0%
censure consorship
0%
la mise sur ecoute eavesdropping
0%
surveillance electronique electronic surveillance
0%
le journalisme d'investigation investigative journalism
0%
le black out de l'info news black out
0%
journaliste newsman or journalsit
0%
la tele a la carte ( payant ) pay-per view television
0%
en différé pre recorder
0%
divertissant recreational
0%
le droit de perquisition right of search
0%
autocensure self-censhoship
0%
une calomnie , une diffamtaion slander
0%
abrutissant stultifying
0%
la rubrique nécréologique the classified ads
0%
le quatrieme pouvoir ( la presse ) the fourth estate
0%
l'indice d'ecoute the ratings
0%
les heures de grandes ecoutes the ratings prime time
0%
le bulletin météo the weather broadcast
0%
etre soumis à la censure to be subjectf to censorhip
0%
caviarder , corriger to blue pencil
0%
diffuser sur les ondes, émettre to broadcast to air
0%
mettre un telephone sur ecoute to bug a phone
0%
saisir , confisquer to confiscate to seize
0%
limiter l'acces to curtail access
0%
deterrer , denicher to dig out
0%
révéler to disclose
0%
surprendre la conversattion de qlq to eavesdrop on somebody
0%
captiver to engross
0%
denoncer qlq to expose someone
0%
bailloner , museler to gag
0%
presénter un interet to have a news value
0%
captiver le public to hold the audience
0%
animer ( un spectacle ) to host a show
0%
diffamer par ecrit to libel , to difame
0%
rendre les gens conscient de to make people aware of
0%
defrayer la chronique to make the news
0%
embeter harceler to pester to harass
0%
produire un spectacle to produce a show
0%
programmer to programme
0%
remanier , reviser to rewrite
0%
publier en exclusivité to scoop
0%
reduire au sillence to silence
0%
calomnier verbalement to slander
0%
supprimer la liberté de presse to suppress press freedom
0%
sensibiliser l'opinion publique to to sensitize public opinion
0%
les ecoutes telephoniques wiretapping
0%
Aucun quiz correspondant
Distribution des résultats
% des personnes avec chaque résultat
Percentile par nombre de réponses
Votre historique - résultats
Vous n’avez pas pris ce quiz